Statistics for MLB pitchers with the most Cy Young Awards

Click here to take the quiz!

General Stats

  • This quiz has been taken 17 times
  • The average score is 8 of 11

Answer Stats

HintAnswer% Correct
3Clayton Kershaw
94%
5Randy Johnson
88%
4Greg Maddux
81%
3Pedro Martinez
81%
3Justin Verlander
75%
7Roger Clemens
75%
3Sandy Koufax
75%
3Tom Seaver
75%
3Max Scherzer
63%
4Steve Carlton
50%
3Jim Palmer
38%

Score Distribution

Percentile by Number Answered

Percent of People with Each Score

Your Score History

You have not taken this quiz